| 000 | 00911 am a2200277 a 4500 | ||
|---|---|---|---|
| 999 |
_c17143 _d17115 |
||
| 001 | 016146581 | ||
| 003 | Uk | ||
| 005 | 20190424134654.0 | ||
| 008 | 120803s2012 enkad b 001 0 eng c | ||
| 020 | _a0273746103 (pbk.) | ||
| 020 | _a9780273746102 (pbk.) | ||
| 040 |
_aEG-ScBUE _beng _cEG-ScBUE _dEG-ScBUE |
||
| 082 | 0 | 4 |
_a658.872 _bCHA _222 |
| 100 | 1 |
_aChaffey, Dave, _d1963- _931715 |
|
| 245 | 1 | 0 |
_aDigital Marketing : _bStrategy, Implementation and Practice / _cDave Chaffey, Fiona Ellis-Chadwick. |
| 250 | _a5th ed. | ||
| 260 |
_aHarlow : _bPearson, _c2012. |
||
| 300 |
_axxix, 698 p. : _bill., charts ; _c27 cm. |
||
| 500 | _aPrevious ed. published as: Internet marketing, 2006. | ||
| 504 | _aIncludes bibliographical references and index. | ||
| 650 | 0 |
_aInternet marketing. _931716 _2BUEsh |
|
| 651 | _2BUEsh | ||
| 653 | _cDecember2012 | ||
| 700 | 1 |
_aEllis-Chadwick, Fiona. _931717 |
|
| 942 |
_2ddc _cBB |
||